Statistics for Countries, US States, Capitals, Elements, 100 Most Common Words: Containing Iron or Mali

Click here to take the quiz!

General Stats

  • This quiz has been taken 233 times
  • The average score is 28 of 74

Answer Stats

I R O N - M A L I % Correct
{}{M}{}{a}{}{l}{}{i}{}
94%
{}{I}{}{r}{}{o}{}{n}{}
89%
{So}{m}{}{a}{}{l}{}{i}{}{a}{}
72%
{}{M}{}{a}{}{l}{}{a}{w}{i}{}
71%
{De}{m}{ocr}{a}{t}{i}{c} {Repub}{l}{}{i}{c} {of} {the} {Congo}
68%
{Dem}{o}{c}{r}{at}{i}{c} {R}{epubl}{i}{c} {o}{f} {the} {C}{o}{}{n}{g}{o}{}
68%
{}{L}{}{i}{}{m}{}{a}{}
66%
{}{R}{epubl}{i}{c} {o}{f} {the} {C}{o}{}{n}{g}{o}{}
64%
{}{M}{}{a}{}{l}{}{a}{ys}{i}{}{a}{}
62%
{}{M}{}{a}{}{l}{d}{i}{ves}
61%
{Fede}{r}{ated} {States} {o}{f} {M}{i}{c}{r}{}{o}{}{n}{es}{i}{a}
60%
{}{R}{}{o}{ma}{n}{}{i}{a}
60%
{Cal}{i}{f}{o}{}{r}{}{n}{}{i}{a}
56%
{}{M}{}{a}{rsh}{a}{}{l}{}{l} {I}{s}{l}{}{a}{nds}
55%
{}{N}{}{o}{}{r}{th} {Ca}{r}{}{o}{l}{i}{}{n}{a}
54%
{So}{l}{o}{m}{on} {I}{s}{l}{}{a}{nds}
53%
{}{N}{a}{i}{}{r}{}{o}{b}{i}{}
49%
{C}{a}{}{l}{}{i}{forn}{i}{u}{m}{}
46%
{Cal}{i}{f}{o}{}{r}{}{n}{}{i}{um}
46%
{S}{o}{uth} {Ca}{r}{}{o}{l}{i}{}{n}{a}
46%
{T}{r}{}{i}{}{n}{}{i}{dad} {a}{n}{d} {T}{o}{bag}{o}{}
45%
{Sa}{o} {T}{o}{me} {a}{n}{d} {P}{r}{}{i}{}{n}{c}{i}{pe}
44%
{D}{o}{m}{i}{}{n}{}{i}{ca}{n} {R}{epubl}{i}{c}
44%
{}{A}{}{l}{u}{m}{}{i}{n}{i}{u}{m}{}
44%
{}{R}{h}{o}{de} {I}{sla}{n}{d}
44%
{Do}{m}{}{i}{n}{i}{c}{a}{n} {Repub}{l}{}{i}{c}
44%
{Sa}{n} {Ma}{r}{}{i}{}{n}{}{o}{}
41%
{Sa}{n} {Ma}{r}{}{i}{}{n}{}{o}{}
41%
{A}{n}{ta}{n}{a}{n}{a}{r}{}{i}{v}{o}{}
38%
{}{M}{ongo}{l}{}{i}{}{a}{}
37%
{P}{o}{}{r}{t-au-P}{r}{}{i}{}{n}{ce}
37%
{S}{i}{e}{r}{}{r}{a} {Le}{o}{}{n}{e}
37%
{B}{o}{s}{n}{}{i}{a} {a}{n}{d} {He}{r}{zeg}{o}{v}{i}{}{n}{a}
37%
{P}{o}{}{r}{t-}{o}{f-Spa}{i}{}{n}{}
37%
{A}{r}{}{i}{z}{o}{}{n}{a}
37%
{Bu}{r}{k}{i}{}{n}{a} {Fas}{o}{}
36%
{S}{r}{}{i} {Jayawa}{r}{de}{n}{apu}{r}{a} {K}{o}{tte}
34%
{S}{i}{}{n}{gap}{o}{}{r}{e}
34%
{S}{i}{}{n}{gap}{o}{}{r}{e}
34%
{}{N}{}{i}{t}{r}{}{o}{ge}{n}{}
34%
{Co}{l}{o}{m}{b}{i}{}{a}{}
32%
{M}{o}{}{r}{}{o}{}{n}{}{i}{}
32%
{Bue}{n}{}{o}{s} {A}{i}{}{r}{es}
30%
{P}{a}{}{l}{}{l}{}{a}{d}{i}{u}{m}{}
30%
{P}{l}{}{a}{t}{i}{nu}{m}{}
29%
{M}{o}{}{n}{}{r}{}{o}{v}{i}{a}
29%
{Z}{i}{}{r}{c}{o}{}{n}{}{i}{um}
29%
{}{M}{}{a}{n}{i}{}{l}{}{a}{}
28%
{Chl}{o}{}{r}{}{i}{}{n}{e}
28%
{B}{r}{}{o}{m}{i}{}{n}{e}
28%
{Equat}{o}{}{r}{}{i}{al} {Gu}{i}{}{n}{ea}
28%
{Gu}{a}{te}{m}{}{a}{}{l}{}{a} {C}{i}{ty}
28%
{}{I}{s}{l}{}{a}{}{m}{}{a}{b}{a}{d}
26%
{St}{r}{}{o}{}{n}{t}{i}{um}
26%
{Jeffe}{r}{s}{o}{}{n} {C}{i}{ty}
25%
{Sa}{i}{}{n}{t} {Ge}{o}{}{r}{ge's}
25%
{G}{a}{}{l}{}{l}{}{i}{u}{m}{}
25%
{Ca}{r}{s}{o}{}{n} {C}{i}{ty}
24%
{C}{a}{}{l}{c}{i}{u}{m}{}
23%
{H}{o}{}{n}{}{i}{a}{r}{a}
23%
{Ok}{l}{}{a}{ho}{m}{}{a} {C}{i}{ty}
23%
{Th}{a}{}{l}{}{l}{}{i}{u}{m}{}
22%
{}{L}{}{a}{wrenc}{i}{u}{m}{}
22%
{G}{a}{do}{l}{}{i}{n}{i}{u}{m}{}
22%
{P}{r}{}{o}{v}{i}{de}{n}{ce}
22%
{P}{r}{}{o}{tact}{i}{}{n}{}{i}{um}
22%
{}{R}{}{o}{e}{n}{tge}{n}{}{i}{um}
21%
{M}{o}{}{n}{tpel}{i}{e}{r}{}
20%
{B}{r}{}{i}{dget}{o}{w}{n}{}
18%
{O}{l}{y}{m}{p}{i}{}{a}{}
18%
{Flu}{o}{}{r}{}{i}{}{n}{e}
18%
{}{R}{}{i}{chm}{o}{}{n}{d}
15%
{Co}{l}{u}{m}{b}{i}{}{a}{}
14%
{C}{o}{pe}{r}{}{n}{}{i}{c}{i}{um}
14%

Score Distribution

Percentile by Number Answered

Percent of People with Each Score

Your Score History

You have not taken this quiz